Biblioteca

Objetivo : La Luna / Hergé (Registro nro. 49122)

Detalles MARC
000 -LÍDER
Campo fijo de descripción fija 004450000a22001930004500
001 - NÚMERO DE CONTROL
Campo de control 1972
003 - IDENTIFICADOR DEL NÚMERO DE CONTROL
Campo de control CO-MdFUSB
005 - FECHA Y HORA DE LA ULTIMA TRANSACCIÓN
control field 20170831192437.0
008 - ELEMENTOS DE LONGITUD FIJA -- INFORMACIÓN GENERAL
Campo fijo de descripción fija -- Información general 170831b xxu||||| |||| 00| 0 eng d
040 ## - FUENTE DE CATALOGACIÓN
Agencia que realiza la transcripción CO-MdBIC
082 04 - NÚMERO DE CLASIFICACIÓN DECIMAL DEWEY
Número de clasificación 863H H42to
100 1# - ASIENTO PRINCIPAL--NOMBRE PERSONAL
Nombre personal Hergé
245 10 - TÍTULO
Título del Material Objetivo : La Luna / Hergé
250 ## - MENCIÓN DE EDICIÓN
Mención de edición 1a ed
260 ## - PUBLICACIÓN, DISTRIBUCIÓN, ETC. (PIE DE IMPRENTA)
Lugar de publicación, distribución, etc. Barcelona : eEditorial Juvenil
300 ## - DESCRIPCIÓN FÍSICA
Extensión 62 P.
650 14 - ASIENTO SECUNDARIO DE MATERIA - TERMINO TEMÁTICO
Término temático o nombre geográfico como elemento de entrada Historias de aventuras
942 ## - TIPO DE MATERIAL (KOHA)
Tipo de Item KOHA Z- Libro General BINCO
Existencias
Estado de Material Estado de Perdido Forma de Clasificación Volumen-Parte/Tomo Estado de Dañado No para Préstamo Tomo Biblioteca de Origen Biblioteca Permanente Fecha de Adquisición Total de Préstamos Signatura Topográfica Código de Barras Última vez visto Última vez Préstado Ejemplar/Existencia Fecha de Remplazo Tipo de Material
    Dewey Decimal Classification         Biblioteca Infantil Comunitaria BINCO Biblioteca Infantil Comunitaria BINCO 16/06/2009 1 863H H42to B32571 20/08/2019 30/07/2019 1 26/01/2016 Z- Libro General BINCO

Biblioteca FUSBC | Teléfono: (57+4) 349 88 10 Ext. 141| WhatsApp (+57) 3005338115 
E-mail: biblioteca@unisbc.edu.co | Calle 76 87-14 Robledo Palenque, Medellín, Colombia

Con tecnología Koha